000 00264nam a22001217a 4500
008 181122b xxu||||| |||| 00| 0 eng d
041 _aeng
080 _a910
100 _a42
101 _aGEO
245 _aCollombia And Venezuela
_cGulan.M
942 _2udc
_cBK
999 _c52327
_d52327